Ukazovateľ EVA - jeho pratické využitie v podmienkach slovenskej ekonomiky

Bibliographic Details
Main Author: Jakabová, Saskia (Author)
Format: Article
Language:Slovak
PhysicalDescription:Tab.
ISSN:1335-3861
Subjects:

MARC

LEADER 00000nab a2200000 a 4500
001 vtls000739514
003 SK-MaSNL
005 20260302193421.0
008 180206c2000 xo 0 slo
015 |a SNBRB2001/01-01694 
035 |a CLN000091370 
040 |a SNKBUCL  |b slo  |c SNKBUCL  |e AACR2 
041 0 |a slo 
044 |a xo  |c SK 
080 |a 658.155  |2 UDC-MRF-SK2 
100 1 |a Jakabová, Saskia  |4 aut  |9 805438 
245 1 0 |a Ukazovateľ EVA - jeho pratické využitie v podmienkach slovenskej ekonomiky  |c Saskia Jakabová 
300 |b Tab. 
504 |a Bibliogr. odkazy 
650 0 7 |a podniky  |x zisk  |x hodnota ekonomická pridaná  |x ukazovatele hodnotové  |z Slovensko  |x využitie  |2 snkbucl  |9 912080 
650 0 7 |a ekonomická pridaná hodnota  |2 snkbucl  |9 55064 
650 0 7 |a zisk  |2 snkbucl  |9 13920 
655 7 |a články z novín a časopisov  |2 snkbucl  |9 267496 
773 0 |x 1335-3861  |t Finančný radca  |g Roč. 2, č. 14-15 (2000), s. 129-143 
850 |a Slovenská národná knižnica v Martine 
852 |a SNK  |b KIS3GCP 
958 |a RBX 
999 |c 1444421  |d 1446351